Building the rule of law in post-war El Salvador /

Guardado en:
書目詳細資料
主要作者: Popkin, Margaret
格式: Texto
主題:
標簽: 添加標簽
沒有標簽, 成為第一個標記此記錄!

MARC

LEADER 00000 a a2200000 04500
001 11992
003
040
100 |a Popkin, Margaret  
245 |a Building the rule of law in post-war El Salvador /  |c Margaret Popkin 
650 |a PAZ  
650 |a DERECHOS HUMANOS  
650 |a ONU  
650 |a VIOLENCIA  
650 |a MILITARISMO  
650 |a DESAPARECIDOS  
650 |a LEGISLACION  
650 |a AMNISTIA  
650 |a POLICIA  
773 |g número 38; páginas 10-19  
999 |c 33127  |d 33127